00330nam a2200121Ia 4500008004100000041000800041082001200049100001800061245002900079260003600108300001900144520004500163240719s9999 xx 000 0 und d aeng a823 DES aDesai, Ranjit aKarna: The Great Warrior aHaryanabHarper Perennialc2019 a253 P.; 20 Cm. aFaculty Purchase For LRC/ Prof. J Sharma